Caracterización del comportamiento cinético de la descomposición de dos tipos de surfactantes aniónicos por ozonólisis acuosa
Uloženo v:
| Hlavní autor: | |
|---|---|
| Médium: | Kniha |
| Vydáno: |
San José, Costa Rica
2011
|
| Témata: | |
| Tagy: |
Přidat tag
Žádné tagy, Buďte první, kdo vytvoří štítek k tomuto záznamu!
|
MARC
| LEADER | 00000nam a2200000Ia 4500 | ||
|---|---|---|---|
| 003 | 010587 | ||
| 005 | 20221231144025.0 | ||
| 008 | 140114s2011 cr a 000 | s d | ||
| 040 | |c cru CEDI | ||
| 090 | |a TFG 6419 | ||
| 100 | |a Arias Alfaro, Sebastián |9 2398 | ||
| 245 | |a Caracterización del comportamiento cinético de la descomposición de dos tipos de surfactantes aniónicos por ozonólisis acuosa | ||
| 260 | |c 2011 |b San José, Costa Rica | ||
| 500 | |a Proyecto de graduación (licenciatura en ingeniería química)--Universidad de Costa Rica. Facultad de Ingeniería. Escuela de Ingeniería Química | ||
| 650 | |x AGENTES TENSOACTIVOS |x ANIONES |x OZONO |x CINETICA QUIMICA |x SOLUCIONES ACUOSAS |x INGENIERÍA QUÍMICA |x FISICOQUIMICA |x LAVANDERIAS |9 2399 | ||
| 942 | |c TFG | ||
| 999 | |c 15770 |d 15770 | ||
